| 000 | 01435nam a2200289Ia 4500 | ||
|---|---|---|---|
| 001 | ebr10038613 | ||
| 003 | CaPaEBR | ||
| 006 | m u | ||
| 007 | cr cn||||||||| | ||
| 008 | 021104s2002 dcua sb 000 0 eng d | ||
| 020 | _z0309085004 | ||
| 040 |
_aCaPaEBR _cCaPaEBR |
||
| 035 | _a(OCoLC)56117620 | ||
| 050 | 1 | 4 |
_aGC111.2 _b.N38 2002xeb |
| 110 | 2 |
_aNational Research Council (U.S.). _bCommittee on Reference Materials for Ocean Science. |
|
| 245 | 1 | 0 |
_aChemical reference materials _h[electronic resource] : _bsetting the standards for ocean science / _cCommittee on Reference Materials for Ocean Science, Ocean Studies Board, Division on Earth and Life Sciences, National Research Council of the National Academies. |
| 260 |
_aWashington, D.C. : _bNational Academies Press, _c2002. |
||
| 300 |
_axiv, 146 p. : _bill. |
||
| 504 | _aIncludes bibliographical references. | ||
| 533 |
_aElectronic reproduction. _bPalo Alto, Calif. : _cebrary, _d2009. _nAvailable via World Wide Web. _nAccess may be limited to ebrary affiliated libraries. |
||
| 536 |
_aWork supported by the National Science Foundation. _cOCE-0096792 |
||
| 650 | 0 |
_aChemical oceanography _xStandards. |
|
| 650 | 0 |
_aMarine sediments _xAnalysis _xStandards. |
|
| 655 | 7 |
_aElectronic books. _2local |
|
| 710 | 2 | _aebrary, Inc. | |
| 856 | 4 | 0 |
_uhttp://site.ebrary.com/lib/rucke/Doc?id=10038613 _zAn electronic book accessible through the World Wide Web; click to view |
| 999 |
_c57558 _d57558 |
||